Sarvajnana vachanagalu. (Record no. 104777)
[ view plain ]
| 000 -LEADER | |
|---|---|
| fixed length control field | 00678nam a2200205Ia 4500 |
| 003 - CONTROL NUMBER IDENTIFIER | |
| control field | OSt |
| 005 - DATE AND TIME OF LATEST TRANSACTION | |
| control field | 20250224094648.0 |
| 008 - FIXED-LENGTH DATA ELEMENTS--GENERAL INFORMATION | |
| fixed length control field | 210210b2000 xxu||||| |||| 00| 0 eng d |
| 040 ## - CATALOGING SOURCE | |
| Transcribing agency | AL |
| 041 ## - LANGUAGE CODE | |
| Language code of text/sound track or separate title | Kannada |
| 082 ## - DEWEY DECIMAL CLASSIFICATION NUMBER | |
| Classification number | K894.1 SHAS |
| 100 ## - MAIN ENTRY--PERSONAL NAME | |
| Personal name | SHANTAVIRAYYA (Hi Chi) |
| 9 (RLIN) | 149722 |
| Dates associated with a name | ಶಾಂತವೀರಯ್ಯ(ಹೀ ಚಿ) |
| 245 ## - TITLE STATEMENT | |
| Title | Sarvajnana vachanagalu. |
| Remainder of title | ಸರ್ವಜ್ಞನ ವಚನಗಳು |
| 260 ## - PUBLICATION, DISTRIBUTION, ETC. | |
| Place of publication, distribution, etc. | Bengaluru. |
| Name of publisher, distributor, etc. | Vasan Buk Dipo., |
| Date of publication, distribution, etc. | 2000 |
| 300 ## - PHYSICAL DESCRIPTION | |
| Extent | 236 |
| 690 ## - LOCAL SUBJECT ADDED ENTRY--TOPICAL TERM (OCLC, RLIN) | |
| Topical term or geographic name as entry element | Kannada Poetry |
| 9 (RLIN) | 149723 |
| 700 ## - ADDED ENTRY--PERSONAL NAME | |
| Personal name | SHRIDEVI KAMMUR (H S) |
| 9 (RLIN) | 202108 |
| Dates associated with a name | ಶ್ರೀದೇವಿ ಕಮ್ಮೂರ್ (ಎಚ್ ಎಸ್ ) |
| 906 ## - LOCAL DATA ELEMENT F, LDF (RLIN) | |
| a | 057404 |
| 942 ## - ADDED ENTRY ELEMENTS (KOHA) | |
| Source of classification or shelving scheme | Dewey Decimal Classification |
| Koha item type | Book |
| Withdrawn status | Lost status | Source of classification or shelving scheme | Damaged status | Not for loan | Collection code | Home library | Current library | Date acquired | Source of acquisition | Cost, normal purchase price | Total Checkouts | Full call number | Barcode | Date last seen | Date last checked out | Price effective from | Koha item type |
|---|---|---|---|---|---|---|---|---|---|---|---|---|---|---|---|---|---|
| Dewey Decimal Classification | Kannada | St Aloysius Library | St Aloysius Library | 02/17/2021 | Navakarnataka Publication Pvt Ltd., Mangalore. | 45.00 | 2 | K894.1 SHAS | 057404 | 03/21/2026 | 02/21/2026 | 02/17/2021 | Book |